Suomen kunnat, joissa on Kotipizza - Statistics

General Stats
  • This quiz has been taken 93 times
  • The average score is 47 of 132
Answer Stats
Maakunta Kunta Ravintolat % Correct
Uusimaa Helsinki 31
98%
Pohjois-Pohjanmaa Oulu 11
90%
Uusimaa Espoo 15
88%
Pirkanmaa Tampere 18
88%
Lappi Rovaniemi 5
87%
Uusimaa Vantaa 11
87%
Varsinais-Suomi Turku 7
86%
Satakunta Pori 5
83%
Keski-Suomi Jyväskylä 8
81%
Pohjanmaa Vaasa 6
80%
Kanta-Häme Hämeenlinna 7
77%
Pohjois-Savo Kuopio 6
76%
Etelä-Pohjanmaa Seinäjoki 4
76%
Pohjois-Karjala Joensuu 3
74%
Päijät-Häme Lahti 8
73%
Keski-Pohjanmaa Kokkola 3
66%
Kymenlaakso Kotka 2
66%
Kymenlaakso Kouvola 4
65%
Uusimaa Porvoo 2
65%
Etelä-Savo Mikkeli 3
63%
Pohjois-Pohjanmaa Ii 1
60%
Pohjois-Pohjanmaa Kuusamo 2
59%
Etelä-Karjala Lappeenranta 2
59%
Kainuu Kajaani 3
58%
Lappi Kemi 1
58%
Lappi Tornio 1
58%
Satakunta Rauma 1
57%
Pirkanmaa Nokia 2
50%
Etelä-Savo Savonlinna 2
50%
Pohjois-Savo Iisalmi 1
48%
Lappi Kittilä 2
48%
Varsinais-Suomi Salo 2
48%
Uusimaa Hanko 1
47%
Uusimaa Kerava 1
47%
Keski-Suomi Jämsä 4
45%
Lappi Sodankylä 1
45%
Uusimaa Hyvinkää 1
43%
Kymenlaakso Hamina 1
42%
Pohjois-Pohjanmaa Ylivieska 1
42%
Etelä-Karjala Imatra 1
41%
Pohjois-Pohjanmaa Kalajoki 1
41%
Uusimaa Kirkkonummi 1
41%
Keski-Suomi Äänekoski 4
40%
Etelä-Pohjanmaa Lapua 2
40%
Uusimaa Lohja 1
40%
Kanta-Häme Riihimäki 1
40%
Pohjois-Pohjanmaa Raahe 1
38%
Uusimaa Järvenpää 1
36%
Uusimaa Kauniainen 1
36%
Pohjois-Pohjanma Kempele 1
35%
Ahvenanmaa Maarianhamina 1
35%
Pirkanmaa Pirkkala 2
35%
Pirkanmaa Ylöjärvi 1
35%
Kanta-Häme Forssa 1
34%
Päijät-Häme Heinola 1
34%
Pohjanmaa Pietarsaari 2
34%
Uusimaa Tuusula 1
34%
Varsinais-Suomi Uusikaupunki 1
34%
Pirkanmaa Lempäälä 2
33%
Varsinais-Suomi Naantali 1
33%
Varsinais-Suomi Raisio 1
33%
Varsinais-Suomi Kaarina 1
31%
Pirkanmaa Kangasala 2
31%
Etelä-Pohjanmaa Kauhava 2
31%
Keski-Suomi Laukaa 1
31%
Uusimaa Nurmijärvi 3
31%
Etelä-Pohjanmaa Kauhajoki 1
30%
Pohjois-Savo Siilinjärvi 3
29%
Etelä-Pohjanmaa Alavus 1
28%
Satakunta Kankaanpää 1
28%
Keski-Suomi Muurame 1
28%
Pirkanmaa Orivesi 1
28%
Uusimaa Raasepori 3
28%
Uusimaa Vihti 2
28%
Pirkanmaa Parkano 1
27%
Uusimaa Sipoo 1
27%
Kainuu Sotkamo 1
27%
Satakunta Huittinen 1
26%
Kainuu Kuhmo 1
26%
Varsinais-Suomi Loimaa 2
26%
Pirkanmaa Valkeakoski 1
26%
Pohjois-Savo Varkaus 2
26%
Päijät-Häme Hollola 2
24%
Etelä-Pohjanmaa Kurikka 2
24%
Lappi Keminmaa 1
23%
Uusimaa Mäntsälä 2
23%
Pirkanmaa Sastamala 2
23%
Päijät-Häme Orimattila 1
22%
Keski-Pohjanmaa Kaustinen 1
21%
Pohjois-Karjala Kitee 1
21%
Varsinais-Suomi Lieto 1
21%
Etelä-Pohjanmaa Ilmajoki 1
20%
Pohjois-Pohjanmaa Liminka 1
20%
Pohjois-Pohjanmaa Nivala 1
20%
Keski-Suomi Pihtipudas 1
20%
Pirkanmaa Virrat 1
20%
Pirkanmaa Akaa 2
19%
Satakunta Eurajoki 1
19%
Pohjois-Savo Pieksämäki 2
19%
Lappi Tervola 2
19%
Varsinais-Suomi Aura 1
17%
Varsinais-Suomi Masku 1
17%
Pohjois-Savo Suonenjoki 1
17%
Satakunta Ulvila 1
17%
Pohjanmaa Närpiö 1
16%
Varsinais-Suomi Parainen 1
16%
Pirkanmaa Hämeenkyrö 1
15%
Kanta-Häme Hattula 1
15%
Keski-Suomi Kyyjärvi 1
15%
Pohjois-Savo Lapinlahti 1
15%
Pirkanmaa Mänttä-Vilppula 1
15%
Pohjanmaa Uusikaarlepyy 1
15%
Etelä-Savo Kangasniemi 1
14%
Etelä-Pohjanmaa Kuortane 1
14%
Pohjanmaa Mustasaari 1
14%
Päijät-Häme Hartola 1
13%
Pohjois-Savo Leppävirta 1
13%
Lappi Posio 1
13%
Keski-Suomi Hankasalmi 1
12%
Pohjois-Karjala Heinävesi 1
12%
Pohjanmaa Laihia 1
12%
Pohjois-Karjala Outokumpu 1
12%
Varsinais-Suomi Paimio 1
12%
Pohjois-Savo Joroinen 1
10%
Päijät-Häme Iitti 1
9%
Pohjois-Savo Kiuruvesi 1
9%
Pohjois-Karjala Liperi 1
9%
Etelä-Pohjanmaa Evijärvi 1
8%
Pirkanmaa Pälkäne 1
8%
Kainuu Paltamo 1
8%
Keski-Suomi Petäjävesi 1
8%
Pohjanmaa Pedersören kunta 1
1%
No matching quizzes found
Score Distribution
Percent of People with Each Score
Percentile by Number Answered
Your Score History
You have not taken this quiz